UK housebuilders to adopt design principles (Record no. 78321)

MARC details
000 -LEADER
fixed length control field 01252cab a2200205 4500
001 - CONTROL NUMBER
control field ##L136508
008 - FIXED-LENGTH DATA ELEMENTS--GENERAL INFORMATION
fixed length control field 070205n2007 000 0 eng u
035 ## - SYSTEM CONTROL NUMBER
System control number (Sirsi) u136508
041 0# - LANGUAGE CODE
Language code of text/sound track or separate title eng
110 2# - MAIN ENTRY--CORPORATE NAME
Corporate name or jurisdiction name as entry element Home Builders Federation
9 (RLIN) 4896
245 00 - TITLE STATEMENT
Title UK housebuilders to adopt design principles
Medium [electronic resource]
260 ## - PUBLICATION, DISTRIBUTION, ETC.
Date of publication, distribution, etc. 2007
490 #0 - SERIES STATEMENT
Series statement Home Builders Federation Press Release
Volume/sequential designation 1 February 2007
520 ## - SUMMARY, ETC.
Summary, etc. The HBF and the Prince's Foundation have recognised 11 new house building developments for adopting Foundation design principles pioneered in Poundbury. These include neighbourhoods having local amenities, a distinctive local character, public space, more welcoming streets, and designs that don't date. Both organisations have made a joint commitment to ensure these principles are adopted more widely by the UK house building industry. Includes details of the housing developments and the criteria they were assessed against.
590 ## - LOCAL NOTE (RLIN)
Local note KA
651 #4 - SUBJECT ADDED ENTRY--GEOGRAPHIC NAME
Geographic name United Kingdom
Chronological subdivision
690 ## - LOCAL SUBJECT ADDED ENTRY--TOPICAL TERM (OCLC, RLIN)
Topical term or geographic name as entry element BUILT ENVIRONMENT-CONSTRUCTION DESIGN
856 40 - ELECTRONIC LOCATION AND ACCESS
Uniform Resource Identifier <a href="https://www.hbf.co.uk/index.php?id=1577&tx_ttnews%5btt_news%5d=10164&tx_ttnews%5bbackPid%5d=819&cHash=a4425b83ae">https://www.hbf.co.uk/index.php?id=1577&tx_ttnews%5btt_news%5d=10164&tx_ttnews%5bbackPid%5d=819&cHash=a4425b83ae</a>
Public note View the item free of charge at www.hbf.co.uk...
942 ## - ADDED ENTRY ELEMENTS (KOHA)
Suppress in OPAC 0
Holdings
Withdrawn status Lost status Source of classification or shelving scheme Damaged status Not for loan Home library Current library Shelving location Date acquired Total Checkouts Full call number Barcode Date last seen Copy number Price effective from Koha item type
    Dewey Decimal Classification     Virtual Virtual Online 05/02/2007   ONLINE PUBLICATION 136508-2001 06/08/2019 1 06/08/2019 Journal article